[Event "POHÁR města Říčany 2023"]
[Site "Městské kulturní středisko U labutě"]
[Date "2023.08.31"]
[Round "7.12"]
[White "Sedlak, Milan"]
[Black "Rodshtein, Tereza"]
[Result "0-1"]
[WhiteFideId "23746149"]
[BlackFideId "325449"]
[WhiteElo "1785"]
[BlackElo "2203"]
[PlyCount "0"]
[EventDate "2023.08.26"]

1. Nf3 {[%clk 01:30:58]} {[%emt 00:00:01]} d5 {[%clk 01:30:56]} {[%emt
00:00:05]} 2. g3 {[%clk 01:31:09]} {[%emt 00:00:17]} c6 {[%clk 01:29:17]}
{[%emt 00:02:09]} 3. Bg2 {[%clk 01:31:23]} {[%emt 00:00:16]} Bg4 {[%clk
01:29:15]} {[%emt 00:00:32]} 4. d3 {[%clk 01:29:03]} {[%emt 00:02:50]} Nf6
{[%clk 01:28:37]} {[%emt 00:01:08]} 5. Nbd2 {[%clk 01:27:44]} {[%emt 00:01:48]}
Nbd7 {[%clk 01:26:37]} {[%emt 00:02:31]} 6. O-O {[%clk 01:27:37]} {[%emt
00:00:37]} e5 {[%clk 01:24:50]} {[%emt 00:02:18]} 7. e4 {[%clk 01:24:56]}
{[%emt 00:03:11]} dxe4 {[%clk 01:24:12]} {[%emt 00:01:08]} 8. dxe4 {[%clk
01:25:15]} {[%emt 00:00:10]} Bc5 {[%clk 01:24:18]} {[%emt 00:00:24]} 9. h3
{[%clk 01:23:08]} {[%emt 00:02:37]} Bh5 {[%clk 01:20:45]} {[%emt 00:04:04]} 10.
Qe1 {[%clk 01:16:16]} {[%emt 00:07:21]} O-O {[%clk 01:18:39]} {[%emt 00:02:36]}
11. Nb3 {[%clk 01:09:52]} {[%emt 00:06:55]} Bb6 {[%clk 01:16:21]} {[%emt
00:02:48]} 12. Be3 {[%clk 01:09:31]} {[%emt 00:00:51]} Qe7 {[%clk 01:11:58]}
{[%emt 00:04:53]} 13. a4 {[%clk 01:03:04]} {[%emt 00:06:58]} Nc5 {[%clk
01:05:24]} {[%emt 00:07:04]} 14. Qb4 {[%clk 00:59:41]} {[%emt 00:03:53]} Nfd7
{[%clk 01:02:51]} {[%emt 00:03:03]} 15. a5 {[%clk 00:59:27]} {[%emt 00:00:44]}
Bxf3 {[%clk 01:02:42]} {[%emt 00:00:39]} 16. Bxf3 {[%clk 00:56:08]} {[%emt
00:03:48]} Qf6 {[%clk 01:02:57]} {[%emt 00:00:16]} 17. Bg4 {[%clk 00:56:06]}
{[%emt 00:00:31]} Nxb3 {[%clk 00:52:28]} {[%emt 00:10:59]} 18. cxb3 {[%clk
00:51:54]} {[%emt 00:04:42]} Bxe3 {[%clk 00:49:12]} {[%emt 00:03:47]} 19. Bxd7
{[%clk 00:47:09]} {[%emt 00:05:15]} Bd4 {[%clk 00:48:48]} {[%emt 00:00:54]} 20.
Qxb7 {[%clk 00:46:08]} {[%emt 00:01:31]} Qf3 {[%clk 00:45:32]} {[%emt
00:03:45]} 21. Qxc6 {[%clk 00:39:24]} {[%emt 00:07:14]} Qxg3+ {[%clk 00:44:22]}
{[%emt 00:01:41]} 22. Kh1 {[%clk 00:39:51]} {[%emt 00:00:05]} Qf3+ {[%clk
00:44:07]} {[%emt 00:00:49]} 23. Kg1 {[%clk 00:40:00]} {[%emt 00:00:15]} Rab8
{[%clk 00:41:26]} {[%emt 00:03:10]} 24. Ra3 {[%clk 00:34:20]} {[%emt 00:06:11]}
Bxb2 {[%clk 00:40:01]} {[%emt 00:01:55]} 25. Bg4 {[%clk 00:34:12]} {[%emt
00:00:37]} Qf4 {[%clk 00:39:54]} {[%emt 00:00:37]} 26. Ra2 {[%clk 00:32:47]}
{[%emt 00:01:55]} Bd4 {[%clk 00:39:49]} {[%emt 00:00:35]} 27. Kg2 {[%clk
00:27:49]} {[%emt 00:05:29]} Rxb3 {[%clk 00:37:53]} {[%emt 00:02:26]} 28. Rc2
{[%clk 00:27:05]} {[%emt 00:01:14]} g6 {[%clk 00:36:29]} {[%emt 00:01:55]} 29.
Qd5 {[%clk 00:25:05]} {[%emt 00:02:30]} Rd3 {[%clk 00:32:14]} {[%emt 00:04:44]}
30. Be2 {[%clk 00:23:20]} {[%emt 00:02:15]} Ra3 {[%clk 00:29:28]} {[%emt
00:03:17]} 31. Rc7 {[%clk 00:18:14]} {[%emt 00:05:36]} h5 {[%clk 00:28:33]}
{[%emt 00:01:25]} 32. Rc6 {[%clk 00:17:02]} {[%emt 00:01:41]} Kg7 {[%clk
00:26:42]} {[%emt 00:02:20]} 33. Rc7 {[%clk 00:15:45]} {[%emt 00:01:48]} Qh4
{[%clk 00:24:41]} {[%emt 00:02:30]} 34. f3 {[%clk 00:15:20]} {[%emt 00:00:55]}
Qg5+ {[%clk 00:24:54]} {[%emt 00:00:17]} 35. Kh1 {[%clk 00:13:49]} {[%emt
00:02:01]} Qg3 {[%clk 00:23:58]} {[%emt 00:01:26]} 36. Qd7 {[%clk 00:10:49]}
{[%emt 00:03:31]} Ra2 {[%clk 00:24:04]} {[%emt 00:00:24]} 0-1

[Event "POHÁR města Říčany 2023"]
[Site "Městské kulturní středisko U labutě"]
[Date "2023.08.31"]
[Round "7.13"]
[White "Davidek, Zdenek"]
[Black "Maslo, Ondrej"]
[Result "1-0"]
[WhiteElo "2051"]
[BlackElo "1848"]
[WhiteFideId "23725001"]
[BlackFideId "368440"]
[PlyCount "0"]
[EventDate "2023.08.26"]

1. d4 g6 2. e4 Bg7 3. Nc3 d6 4. Bg5 Nf6 5. e5 Nfd7 6. exd6 cxd6 7. Qd2 O-O
8. h4 Nf6 9. O-O-O Nc6 10. Be2 h5 11. Nf3 Bg4 12. d5 Bxf3 13. gxf3 Ne5 14. f4
Neg4 15. Bd3 Qb6 16. Rdf1 Rac8 17. f5 Rxc3 18. bxc3 Nxd5 19. f6 exf6 20. Bc4
fxg5 21. Bxd5 Rc8 22. Bb3 Qc5 23. Qd5 Qa3+ 24. Kd1 Rc7 25. Qxg5 Bf6 26. Qxg6+
Kf8 27. Qxh5 Qb2 28. Qxg4 Re7 29. Qc8+ Re8 30. Qc4 d5 31. Qd3 Bxc3 32. Qe3 Rxe3
33. fxe3 Bg7 34. Rh2 Bh6 35. Rf3 d4 36. Rxf7+ Ke8 37. Rg2 Qa1+ 38. Ke2 d3+
39. cxd3 Qb2+ 40. Kf3 Qh8 41. Rc2 Kd8 42. Rcc7 Qe5 43. Rfd7+ Ke8 44. Bf7+ Kf8
45. Rc8+ Kg7 46. Bh5+ Kf6 47. Rf7+ Ke6 48. Re8+ 1-0

[Event "POHÁR města Říčany 2023"]
[Site "Městské kulturní středisko U labutě"]
[Date "2023.08.31"]
[Round "7.14"]
[White "Rousek, Jan"]
[Black "Strnadova, Monika"]
[Result "1-0"]
[WhiteElo "2028"]
[BlackElo "1833"]
[WhiteFideId "386669"]
[BlackFideId "23701668"]
[PlyCount "0"]
[EventDate "2023.08.26"]

1. d4 Nf6 2. c4 e5 3. dxe5 Ng4 4. e3 Nxe5 5. Nh3 Bb4+ 6. Bd2 Bxd2+ 7. Qxd2 O-O
8. Nf4 Nbc6 9. Be2 d6 10. O-O Bf5 11. Nc3 Ne7 12. Ncd5 Nxd5 13. Nxd5 Re8
14. Rae1 Rc8 15. f4 Nd7 16. g4 Be4 17. Nc3 Bc6 18. g5 Nc5 19. Bg4 Rb8 20. h4 Qe7
21. e4 Qd8 22. Qc2 b5 23. b4 Nd7 24. cxb5 Bxb5 25. Nxb5 1-0

[Event "POHÁR města Říčany 2023"]
[Site "Městské kulturní středisko U labutě"]
[Date "2023.08.31"]
[Round "7.15"]
[White "Novotny, David"]
[Black "Migalko, Dmitriy"]
[Result "1-0"]
[WhiteElo "1985"]
[BlackElo "1670"]
[WhiteFideId "374083"]
[BlackFideId "34147489"]
[PlyCount "0"]
[EventDate "2023.08.26"]

1. d4 d5 2. Nf3 Nf6 3. c3 c6 4. Bf4 e6 5. e3 Bd6 6. Nbd2 Bxf4 7. exf4 Nbd7
8. Bd3 b6 9. O-O O-O 10. Re1 c5 11. Ne5 Ne8 12. Re3 Nxe5 13. fxe5 g6 14. Qg4 f5
15. exf6 Qxf6 16. Rf3 Qg7 17. Re1 Rxf3 18. Nxf3 e5 19. Qg5 cxd4 20. Nxe5 Qf6
21. Qg3 dxc3 22. Nxg6 hxg6 23. Rxe8+ Kf7 24. Bxg6+ Qxg6 25. Rf8+ Kxf8 26. Qxg6
cxb2 27. Qf6+ Kg8 28. Qxb2 Be6 29. h4 Kf7 30. h5 Rg8 31. Qe5 d4 32. h6 1-0

[Event "POHÁR města Říčany 2023"]
[Site "Městské kulturní středisko U labutě"]
[Date "2023.08.31"]
[Round "7.16"]
[White "Pressler, Tobias"]
[Black "Lavrincik, Pavel"]
[Result "1-0"]
[WhiteElo "1912"]
[BlackElo "1657"]
[WhiteFideId "23715359"]
[BlackFideId "320188"]
[PlyCount "0"]
[EventDate "2023.08.26"]

1. e4 d6 2. d4 Nf6 3. Nc3 g6 4. Bg5 Bg7 5. e5 Nfd7 6. exd6 cxd6 7. Nf3 Nf6
8. Qd2 a6 9. Bd3 Nc6 10. O-O-O Bd7 11. Bh6 Bxh6 12. Qxh6 Qc7 13. Rhe1 d5 14. Ne5
Be6 15. Nxg6 Rg8 16. Nf4 Nxd4 17. Bxh7 Rh8 18. Rxd4 Rxh7 19. Nfxd5 Qxc3
20. Nxf6+ exf6 21. Rxe6+ fxe6 22. Qg6+ 1-0

[Event "POHÁR města Říčany 2023"]
[Site "Městské kulturní středisko U labutě"]
[Date "2023.08.31"]
[Round "7.17"]
[White "Langmaier, Michal"]
[Black "Kopecky, Jiri"]
[Result "1/2-1/2"]
[WhiteElo "1662"]
[BlackElo "1910"]
[WhiteFideId "23727705"]
[BlackFideId "317152"]
[PlyCount "0"]
[EventDate "2023.08.26"]

1. d4 Nf6 2. c4 e6 3. Nf3 b6 4. g3 Bb7 5. Bg2 Be7 6. O-O O-O 7. Nc3 d5 8. Qc2
Nbd7 9. cxd5 Nxd5 10. Nxd5 Bxd5 11. e4 Bb7 12. Be3 c5 13. Rfd1 1/2-1/2

[Event "POHÁR města Říčany 2023"]
[Site "Městské kulturní středisko U labutě"]
[Date "2023.08.31"]
[Round "7.18"]
[White "Petr, Jakub"]
[Black "Stufka, Karel"]
[Result "1/2-1/2"]
[WhiteElo "2238"]
[BlackElo "1730"]
[WhiteFideId "371718"]
[BlackFideId "303127"]
[PlyCount "0"]
[EventDate "2023.08.26"]

1. d4 d5 2. Nf3 Nf6 3. c4 e6 4. g3 Be7 5. Bg2 O-O 6. O-O h6 7. Qc2 b6 8. Ne5
Bb7 9. Nc3 Nbd7 10. cxd5 exd5 11. Qf5 c6 12. Bf4 Nxe5 13. Bxe5 Bc8 14. Qc2 Be6
15. Rfd1 Rc8 16. Rac1 g6 17. e4 Qd7 18. Qa4 Nxe4 19. Nxe4 dxe4 20. Bxe4 Bd5
21. Bxd5 Qxd5 22. Qxa7 Bd6 23. Bxd6 Qxd6 24. a3 Rb8 25. Qa4 Rfc8 26. Qc4 Rc7
27. Rc3 Rbc8 28. Re3 Re7 29. Rde1 Rxe3 30. Rxe3 Rd8 31. Rc3 Rc8 32. d5 c5
33. Qe4 Rd8 34. Rd3 Rd7 35. Kg2 Kg7 36. b4 cxb4 37. Qxb4 Qxb4 38. axb4 Kf6
39. f4 Ke7 40. Kf3 f5 41. Ke3 Kd6 42. Kd4 Re7 43. Kc4 Rc7+ 44. Kb5 g5 45. Rf3 g4
46. Rd3 Rc2 47. Kxb6 Rxh2 48. b5 Rf2 49. Ka7 Rf3 50. Rxf3 gxf3 51. b6 f2 52. b7
f1=Q 53. b8=Q+ Kxd5 54. Qe5+ Kc6 55. Qe6+ Kc7 56. Qf7+ Kc6 57. Qg6+ Kc7 58. Qh7+
Kd8 59. Qxh6 Qd3 60. Kb6 1/2-1/2

[Event "POHÁR města Říčany 2023"]
[Site "Městské kulturní středisko U labutě"]
[Date "2023.08.31"]
[Round "7.19"]
[White "Konvalinka, Vladislav"]
[Black "Pecka, Jan"]
[Result "0-1"]
[WhiteElo "1705"]
[BlackElo "2004"]
[WhiteFideId "342955"]
[BlackFideId "23712520"]
[PlyCount "0"]
[EventDate "2023.08.26"]

1. d4 Nf6 2. c4 e6 3. g3 c5 4. d5 exd5 5. cxd5 d6 6. e4 a6 7. f3 g6 8. a4 Bg7
9. Kf2 O-O 10. Kg2 Ne8 11. Nh3 Bxh3+ 12. Kxh3 f5 13. Bd3 fxe4 14. fxe4 Rf2
15. Qg4 Nd7 16. Rf1 Rxf1 17. Bxf1 Ne5 18. Qe2 Nf6 19. Bf4 Qd7+ 20. Kg2 Nh5
21. Nd2 Rf8 22. Bxe5 Bxe5 23. Nf3 Bxg3 24. hxg3 Qg4 25. Qf2 Nf4+ 26. Kh1 Nd3
27. Bxd3 Rxf3 28. Qh2 Rxd3 29. Qh4 Rxg3 30. Qd8+ Kg7 31. Qe7+ Kh6 32. Qf8+ Kh5
0-1

[Event "POHÁR města Říčany 2023"]
[Site "Městské kulturní středisko U labutě"]
[Date "2023.08.31"]
[Round "7.20"]
[White "Topencik, Bruno"]
[Black "Verner, Matej"]
[Result "1-0"]
[WhiteElo "1897"]
[BlackElo "1698"]
[WhiteFideId "23716550"]
[BlackFideId "23729236"]
[PlyCount "0"]
[EventDate "2023.08.26"]

1. e4 e5 2. Nf3 Nc6 3. Bb5 a6 4. Bxc6 dxc6 5. O-O Bg4 6. h3 h5 7. d3 Qf6
8. Nbd2 O-O-O 9. hxg4 hxg4 10. Nh2 Kb8 11. Qxg4 Nh6 12. Qf3 Qg6 13. Nb3 f5
14. Bxh6 Rxh6 15. Qxf5 Qe8 16. Ng4 Rh5 17. Qf3 Be7 18. g3 Qg6 19. Kg2 Rf8
20. Qe2 Rfh8 21. Rh1 Qh7 22. Qd1 Rh3 23. f3 Bg5 24. Qg1 Rh5 25. Rxh5 Qxh5
26. Kf2 b6 27. Ke2 c5 28. Nd2 Qe8 29. a4 Qe7 30. Nc4 Bf6 31. Qg2 b5 32. axb5
axb5 33. Nce3 Re8 34. Nd5 Qe6 35. Nde3 Bg5 36. Nf5 Qd7 37. Qf2 Qc6 1-0

[Event "POHÁR města Říčany 2023"]
[Site "Městské kulturní středisko U labutě"]
[Date "2023.08.31"]
[Round "7.21"]
[White "Cabela, Filip"]
[Black "Skala, Jaromir"]
[Result "1/2-1/2"]
[WhiteElo "1631"]
[BlackElo "1895"]
[WhiteFideId "23753552"]
[BlackFideId "325805"]
[PlyCount "0"]
[EventDate "2023.08.26"]

1. e4 e5 2. Nf3 Nc6 3. Bc4 Nf6 4. d4 exd4 5. O-O Nxe4 6. Nc3 Nxc3 7. bxc3 d5
8. Bb5 Be6 9. Re1 Bd6 10. Nxd4 O-O 11. Bxc6 bxc6 12. Qh5 c5 13. Nxe6 fxe6
14. Rxe6 Qd7 15. Qh3 Rae8 16. Rxe8 Rxe8 17. Be3 Qxh3 18. gxh3 Rb8 19. Kf1 Rb2
20. Ke2 Rxc2+ 21. Kd3 Rb2 22. a4 Kf7 23. c4 d4 24. Bd2 a6 25. f3 c6 26. a5 Be7
27. Rg1 Bd6 28. h4 h6 29. h5 Be7 30. Rg6 Bf6 31. h3 Ra2 32. h4 Ke6 33. Rg4 Ra3+
34. Ke4 Rb3 35. Rg6 Rb1 36. Bg5 Re1+ 37. Kf4 hxg5+ 38. hxg5 d3 39. gxf6 gxf6
40. Rg2 Re2 41. Rg1 d2 42. Rd1 Kf7 43. Kf5 Re5+ 44. Kg4 Rg5+ 45. Kh4 Rg2 46. Kh3
Re2 47. Kg4 Kg7 48. f4 Kh6 49. Kf5 Rf2 50. Kg4 Rh2 51. Kg3 Re2 52. Kf3 Rh2
53. Kg3 Re2 1/2-1/2

[Event "POHÁR města Říčany 2023"]
[Site "Městské kulturní středisko U labutě"]
[Date "2023.08.31"]
[Round "7.22"]
[White "Osipyan, David"]
[Black "Blazek, Miroslav"]
[Result "0-1"]
[WhiteElo "1555"]
[BlackElo "1849"]
[WhiteFideId "23751827"]
[BlackFideId "335215"]
[PlyCount "0"]
[EventDate "2023.08.26"]

1. e4 e6 2. d4 d5 3. exd5 exd5 4. Bd3 Nf6 5. h3 c5 6. c3 cxd4 7. cxd4 Bb4+
8. Bd2 Nc6 9. Bxb4 Nxb4 10. Qa4+ Nc6 11. Nf3 O-O 12. O-O Qd6 13. a3 Qf4 14. Nbd2
Bd7 15. Rfd1 Ne5 16. Qb3 Nxd3 17. Qxd3 Rac8 18. Rac1 Rxc1 19. Rxc1 Re8 20. Ne5
Ne4 21. Qf3 Qxd2 22. Rd1 Qxf2+ 23. Qxf2 Nxf2 24. Kxf2 Bb5 25. Rc1 f6 26. Rc5 a6
27. Nf3 Re2+ 28. Kg3 Bc6 29. b4 Re3 30. Kf4 Rxa3 31. Ne1 Kf7 32. Nc2 Rd3 33. g3
h5 34. h4 g6 35. g4 hxg4 36. Kxg4 Ke6 37. h5 gxh5+ 38. Kxh5 Kf5 0-1

[Event "POHÁR města Říčany 2023"]
[Site "Městské kulturní středisko U labutě"]
[Date "2023.08.31"]
[Round "7.23"]
[White "Andrle, Filip"]
[Black "Pavlicek, Petr"]
[Result "1-0"]
[WhiteElo "1848"]
[BlackElo "1688"]
[WhiteFideId "23718749"]
[BlackFideId "325163"]
[PlyCount "0"]
[EventDate "2023.08.26"]

1. e4 e6 2. d4 d5 3. Nc3 dxe4 4. Nxe4 Bd7 5. Bd3 Bc6 6. c3 Nd7 7. Nf3 Ngf6
8. Qe2 Be7 9. O-O Nxe4 10. Bxe4 Bxe4 11. Qxe4 c6 12. Re1 O-O 13. Bf4 Nf6 14. Qe2
Re8 15. Rad1 Qa5 16. a3 c5 17. dxc5 Qxc5 18. Be3 Qc7 19. Bd4 Rac8 20. Ne5 Bc5
21. Bxc5 Qxc5 22. Nd7 Nxd7 23. Rxd7 Rc7 24. Red1 Rxd7 25. Rxd7 Qc6 26. Qd3 Kf8
27. h3 h6 28. Qd4 a6 29. Qb4+ Kg8 30. Qxb7 Qxb7 31. Rxb7 Rd8 32. Ra7 Rd1+
33. Kh2 Rd6 34. b4 e5 35. c4 Rb6 36. c5 Rc6 37. Rb7 a5 38. Rb8+ Kh7 39. Rb6 Rc7
40. c6 axb4 41. axb4 Kg6 42. b5 Kf6 43. Rb7 Rc8 44. c7 Ke7 45. b6 Kd7 46. Rb8 f6
47. Kg3 f5 48. Kf3 e4+ 49. Ke3 h5 50. h4 1-0

[Event "POHÁR města Říčany 2023"]
[Site "Městské kulturní středisko U labutě"]
[Date "2023.08.31"]
[Round "7.24"]
[White "Vavrinec, Tomas"]
[Black "Mydlar, Matej"]
[Result "0-1"]
[WhiteElo "1847"]
[BlackElo "1668"]
[WhiteFideId "318353"]
[BlackFideId "23735074"]
[PlyCount "0"]
[EventDate "2023.08.26"]

1. Nf3 c5 2. c4 Nc6 3. g3 g6 4. Bg2 d6 5. O-O Bg7 6. Nc3 e5 7. d3 Nge7 8. Bg5
f6 9. Bd2 O-O 10. a3 Be6 11. Rb1 d5 12. cxd5 Nxd5 13. Ne4 Qe7 14. Qa4 Rac8
15. Rfc1 Nb6 16. Qd1 c4 17. dxc4 Nxc4 18. Bc3 Rfd8 19. Qe1 Bh6 20. Rd1 f5
21. Ned2 e4 22. Nh4 Nxd2 23. Bxd2 Bxd2 24. Rxd2 g5 0-1

[Event "POHÁR města Říčany 2023"]
[Site "Městské kulturní středisko U labutě"]
[Date "2023.08.31"]
[Round "7.25"]
[White "Kovar, Jan"]
[Black "Meca, Viktor ml."]
[Result "0-1"]
[WhiteElo "1810"]
[BlackElo "1421"]
[WhiteFideId "354015"]
[BlackFideId "23739800"]
[PlyCount "0"]
[EventDate "2023.08.26"]

1. e4 c5 2. Nf3 d6 3. Bb5+ Bd7 4. Bxd7+ Qxd7 5. d4 cxd4 6. Nxd4 Nf6 7. Nc3 g6
8. O-O Bg7 9. h3 O-O 10. Be3 Nc6 11. f4 Rfd8 12. Qf3 e5 13. Nxc6 Qxc6 14. f5 Rd7
15. Rad1 b5 16. Bg5 b4 17. Bxf6 bxc3 18. fxg6 hxg6 19. bxc3 Bxf6 20. Qxf6 Qxc3
21. Rxd6 Qc5+ 0-1

[Event "POHÁR města Říčany 2023"]
[Site "Městské kulturní středisko U labutě"]
[Date "2023.08.31"]
[Round "7.26"]
[White "Zemen, Pavel"]
[Black "Svadlenka, Michal"]
[Result "0-1"]
[WhiteElo "1785"]
[BlackElo "1556"]
[WhiteFideId "387410"]
[BlackFideId "23717068"]
[PlyCount "0"]
[EventDate "2023.08.26"]

1. e4 c5 2. Nf3 d6 3. d4 cxd4 4. Nxd4 Nf6 5. Nc3 g6 6. Be2 Bg7 7. Be3 O-O
8. O-O Nc6 9. h3 Bd7 10. Qd2 Rc8 11. f4 a6 12. Nb3 b5 13. Bf3 Re8 14. Nd5 Nxd5
15. exd5 Nb8 16. c3 Qc7 17. Qf2 Bf5 18. Rad1 e5 19. dxe6 Bxe6 20. Rd2 Qe7
21. Bd4 Bxb3 22. axb3 Bxd4 23. Rxd4 Nc6 24. Bxc6 Rxc6 25. Rfd1 Rd8 26. Qf3 Rc5
27. Qd3 Rf5 28. Ra1 Qa7 29. Kh1 Qb6 30. Qe4 d5 31. Qf3 Rd6 32. Rad1 Qd8 33. g3
h5 34. Kg2 Qe7 35. R1d2 Re6 36. Kf2 Qa7 37. Kf1 Qe7 38. Rxd5 Rxd5 39. Qxd5 Re1+
40. Kg2 Re2+ 41. Kg1 Qe3+ 42. Kh1 Rxd2 0-1

[Event "POHÁR města Říčany 2023"]
[Site "Městské kulturní středisko U labutě"]
[Date "2023.08.31"]
[Round "7.27"]
[White "Pogorelskiy, Boris"]
[Black "Petrun, Milan"]
[Result "0-1"]
[WhiteElo "1445"]
[BlackElo "1784"]
[WhiteFideId "34365478"]
[BlackFideId "332267"]
[PlyCount "0"]
[EventDate "2023.08.26"]

1. e4 c5 2. Nf3 Nc6 3. d4 cxd4 4. Nxd4 g6 5. Nc3 Bg7 6. Be3 Nf6 7. Be2 O-O
8. O-O d6 9. f4 Bd7 10. Kh1 Rc8 11. Bf3 Na5 12. Be2 Nc4 13. Bxc4 Rxc4 14. a3 Ng4
15. Bg1 a6 16. h3 Nf6 17. Qe2 Qc8 18. Rad1 b5 19. Nd5 Nxd5 20. exd5 e5 21. fxe5
dxe5 22. Nc6 Bxc6 23. dxc6 Qxc6 24. c3 a5 25. Rd2 Bh6 26. Be3 Re4 27. Rd3 f5
28. Qd2 Rxe3 29. Rxe3 e4 30. Qd4 Bxe3 31. Qxe3 Rd8 32. g4 Rd3 33. Qf4 e3+
34. Kg1 e2 35. Re1 Qc5+ 36. Kg2 Re3 37. gxf5 gxf5 38. Qg5+ Kf8 39. Qh6+ Ke7
40. Qxh7+ Kd6 41. Qg6+ Ke5 42. Qg7+ Ke4 43. Qg5 Kd3 44. Qd8+ Kc2 45. Qd7 Qe5 0-1

[Event "POHÁR města Říčany 2023"]
[Site "Městské kulturní středisko U labutě"]
[Date "2023.08.31"]
[Round "7.28"]
[White "Rossler, Erik"]
[Black "Sadil, Antonin"]
[Result "1/2-1/2"]
[WhiteElo "1394"]
[BlackElo "1774"]
[WhiteFideId "23719761"]
[BlackFideId "23735597"]
[PlyCount "0"]
[EventDate "2023.08.26"]

1. e4 c6 2. d4 d5 3. e5 c5 4. dxc5 e6 5. Be3 Nd7 6. f4 Bxc5 7. Bxc5 Nxc5 8. Nf3
Ne7 9. Bb5+ Bd7 10. Bxd7+ Qxd7 11. Nd4 a6 12. Nd2 Qa4 13. N2b3 Ne4 14. O-O Rc8
15. c3 g6 16. Qe2 Nc6 17. Rfd1 O-O 18. g4 Nxd4 19. Nxd4 Qc4 20. Qxc4 Rxc4
21. Kg2 b5 22. a3 Kg7 23. Kf3 Re8 24. Ke2 Kf8 25. Nc2 Nc5 26. Nd4 Nd7 27. Kd3
Rec8 28. Rac1 Nc5+ 29. Kc2 Ne4 30. Kb1 Ke7 31. h4 Rb8 32. Ne2 Nf2 33. Rg1 Nd3
34. Rcf1 Re4 35. Rg2 a5 36. Kc2 Nc5 37. Nd4 Kd7 38. Re2 b4 39. Rxe4 Nxe4
40. axb4 axb4 41. Ra1 bxc3 42. Ra7+ Ke8 43. bxc3 Rc8 44. Nb5 Rc5 45. Rb7 Kf8
46. Kb2 Rc6 47. Rb8+ Kg7 48. Rb7 Nd2 49. Kc2 Nc4 50. Nd4 Ra6 51. Rc7 Ne3+
52. Kd3 Nxg4 53. Nb5 Nf2+ 54. Ke3 Ng4+ 55. Kd3 Ra4 56. Nd4 Ra6 57. Nb5 Nf2+
58. Ke3 Ne4 59. c4 Rb6 60. cxd5 exd5 61. Nd4 Kf8 62. Rc8+ Ke7 63. Rc7+ Kf8
1/2-1/2

[Event "POHÁR města Říčany 2023"]
[Site "Městské kulturní středisko U labutě"]
[Date "2023.08.31"]
[Round "7.29"]
[White "Hosova, Sandra"]
[Black "Dudarec, Elias"]
[Result "0-1"]
[WhiteElo "1898"]
[BlackElo "1380"]
[WhiteFideId "397717"]
[BlackFideId "23714930"]
[PlyCount "0"]
[EventDate "2023.08.26"]

1. d4 Nf6 2. Bf4 g6 3. Nc3 Bg7 4. e4 d6 5. f3 Nc6 6. Qd2 e6 7. g3 Nxd4 8. Qxd4
e5 9. Bxe5 dxe5 10. Qxe5+ Be6 11. Qb5+ c6 12. Qc5 Nd7 13. Qd6 Qb6 14. Qd2 Qxb2
15. Rb1 Qxc3 16. Rxb7 Qxd2+ 17. Kxd2 Bxa2 18. Be2 Nb6 19. Rc7 O-O 20. Rxc6 Rac8
21. Rxc8 Rxc8 22. Bd3 Nc4+ 23. Kd1 Nb2+ 24. Ke2 Nxd3 25. Kxd3 Rc3+ 26. Kd2 Bb1
27. Ne2 Rxc2+ 28. Ke3 Ba2 29. h4 Bc4 30. Nf4 a5 31. h5 g5 32. Nd5 0-1

[Event "POHÁR města Říčany 2023"]
[Site "Městské kulturní středisko U labutě"]
[Date "2023.08.31"]
[Round "7.30"]
[White "Meca, Viktor st."]
[Black "Salac, Jiri"]
[Result "0-1"]
[WhiteElo "1755"]
[BlackElo "1885"]
[WhiteFideId "23725672"]
[BlackFideId "303992"]
[PlyCount "0"]
[EventDate "2023.08.26"]

1. e4 c5 2. Nf3 d6 3. d4 cxd4 4. Nxd4 Nf6 5. Nc3 a6 6. a4 e6 7. g3 Bd7 8. Bg2
Nc6 9. Nb3 Qc7 10. O-O Be7 11. a5 Rc8 12. Be3 Ne5 13. Bb6 Qb8 14. Nd2 O-O 15. h3
Nc4 16. Nxc4 Rxc4 17. Qd2 Rcc8 18. Rad1 Bc6 19. f4 Nd7 20. Be3 Qc7 21. b4 b6
22. Ra1 bxa5 23. Rxa5 Bb7 24. Bd4 d5 25. Nd1 Qxc2 26. Qxc2 Rxc2 27. exd5 Bxb4
28. Ra4 Bc5 29. Ne3 Rd2 30. Bxc5 Nxc5 31. Rc4 Re2 32. Rxc5 Rxe3 33. dxe6 Rxg3
34. exf7+ Rxf7 35. Rc2 Rxg2+ 36. Rxg2 Bxg2 37. Kxg2 a5 38. Kg3 Ra7 39. Ra1 a4
40. Kg4 a3 41. Kf5 a2 42. h4 Kf7 43. h5 Ra5+ 44. Kg4 h6 45. Kf3 Kf6 0-1

[Event "POHÁR města Říčany 2023"]
[Site "Městské kulturní středisko U labutě"]
[Date "2023.08.31"]
[Round "7.31"]
[White "Vajdik, Josef"]
[Black "Voracek, Zdenek"]
[Result "0-1"]
[WhiteElo "1377"]
[BlackElo "1882"]
[WhiteFideId "23716606"]
[BlackFideId "331880"]
[PlyCount "0"]
[EventDate "2023.08.26"]

1. Nf3 d5 2. d4 Nf6 3. e3 e6 4. c4 Be7 5. Nbd2 O-O 6. Bd3 c6 7. O-O dxc4
8. Nxc4 b5 9. Nce5 Qb6 10. b3 Nbd7 11. Qc2 c5 12. Bb2 h6 13. Rac1 Bb7 14. Qe2 a6
15. dxc5 Bxc5 16. Nxd7 Nxd7 17. Ne5 Nxe5 18. Bxe5 f6 19. Bg3 e5 20. Bf5 Bd5
21. Rfd1 Rfd8 22. Qc2 Ba3 23. Qc7 Qxc7 24. Rxc7 Bxb3 0-1

[Event "POHÁR města Říčany 2023"]
[Site "Městské kulturní středisko U labutě"]
[Date "2023.08.31"]
[Round "7.32"]
[White "Horyna, Josef"]
[Black "Cervenka, Petr"]
[Result "1-0"]
[WhiteElo "1689"]
[BlackElo "1869"]
[WhiteFideId "316369"]
[BlackFideId "312444"]
[PlyCount "0"]
[EventDate "2023.08.26"]

1. d4 d5 2. Nf3 Nf6 3. g3 b6 4. Bg2 Bb7 5. O-O e6 6. Bg5 Be7 7. c3 Nbd7 8. Nbd2
h6 9. Bxf6 Bxf6 10. Re1 g5 11. h3 h5 12. e4 g4 13. hxg4 h4 14. e5 hxg3 15. exf6
gxf2+ 16. Kxf2 Nxf6 17. Ne5 Qe7 18. Rh1 O-O-O 19. Qe2 Rhg8 20. Bf3 Rg7 21. Rag1
Nh7 22. Qe3 Ng5 23. Rg3 f6 24. Nd3 Re8 25. Bg2 e5 26. dxe5 fxe5 27. Kg1 c5
28. Rh5 e4 29. Nf4 Qf6 30. Nh3 d4 31. cxd4 cxd4 32. Qe2 Kd8 33. Nxg5 Rxg5
34. Rxg5 Qxg5 35. Nb3 Qe5 36. Rh3 Qf6 37. Rh5 d3 38. Qe3 Rg8 39. g5 Qxb2 40. Rh7
Bc6 41. Qf4 1-0